00000000nam##2200000za#4500
0019.679520
003CaOODSP
00520220107134006
007ta
008150407|1995||||xxc|||||     f|0| 0 fre|d
040 |aCaOODSP|bfre
043 |an-cn---
0861 |aH72-21/133-3-1995F
1102 |aCentre national d'information sur la violence dans la famille (Canada)
24510|aLes mauvais traitements envers les personnes aînées en milieux institutionnel: document de travail, rédigé à partir de documentation en langue française / |cPréparé par Marie Beaulieau et Marie-Josée Tremblay. Publié par la Division de la santé mentale.
260 |aOttawa - Ontario : |bSanté Canada. |c1995.
300 |ax, 36p. : |bréférences ; |c28 cm.
500 |a«Le présent document de discussion vise à situer les principaux enjeux liés aux mauvais traitements envers les personnes aînées en milieu institutionnel et à identifier des pistes d'action.»--Page ix.
5203 |aLe présent document de discussion vise à situer les principaux enjeux liés aux mauvais traitements envers les personnes aînées en milieu institutionnel et à identifier des pistes d'action.--Page ix
563 |aCouverture souple
590 |a98-21|b1998-05-22
7201 |aBeaulieu, Marie
7201 |aTremblay, Marie-Josée
77508|tAbuse and neglect of older adults in institutional settings: discussion paper, building from French language resources / |w(CaOODSP)9.645903
020 |a0-662-80312-4